Cuentos Motores

Salvato in:
Dettagli Bibliografici
Autore principale: Conde Caveda, José Luis (Autore)
Natura: Libro
Lingua:spagnolo
Pubblicazione: Barcelona Paidotribo 1994
Serie:Colección Educación Física y Enseñanza
Soggetti:
Tags: Aggiungi Tag
Nessun Tag, puoi essere il primo ad aggiungerne!!

MARC

LEADER 00000nam a2200000 a 4500
001 UCZ4024
003 CL-VaPUC
005 20250414121859.0
008 951106e19940000SP |||||||||||||||||spa|d
999 |c 240462  |d 240460 
040 |c Pontificia Universidad Católica de Valparaíso 
082 0 4 |a 372.86044  |b CON  |2 21 
100 0 |a Conde Caveda, José Luis  |e author  |9 347892 
245 1 0 |a Cuentos Motores 
260 |a Barcelona  |b Paidotribo  |c 1994 
300 |a 2 v 
490 0 |a Colección Educación Física y Enseñanza 
583 |a last modification  |c 19951106 00:00:00  |k Rodrigo Vera 
650 0 |a Literatura infantil  |9 308044  |x Cuentos  |x Juegos motrices 
942 |c BK  |2 ddc 
945 |d 19951106 00:00:00  |a rbrito 
952 |0 0  |1 0  |4 0  |6 372_860440000000000_CON_1994  |7 0  |8 A  |9 252344  |a BIBEDU  |b BIBEDU  |d 2019-11-18  |h v.1  |i 3145840  |o 372.86044 CON 1994  |p 3145840  |r 2019-11-18  |w 2019-11-18  |y BK  |k EFI 
952 |0 0  |1 0  |4 0  |6 372_860440000000000_CON_1994  |7 0  |8 A  |9 252345  |a BIBEDU  |b BIBEDU  |d 2019-11-18  |h v.2  |i 3145859  |o 372.86044 CON 1994  |p 3145859  |r 2019-11-18  |w 2019-11-18  |y BK  |k EFI